000 00620nam a2200169Ia 4500
008 090124s9999 xx 000 0 und d
082 _b112807
100 _aगडकरी राम गणेश (गोविंदाग्रज)
245 _a सं.राजसन्यास
250 _a0
300 _a67
600 _aगडकरी राम गणेश (गोविंदाग्रज)
630 _a सं.राजसन्यास
700 _aगडकरी राम गणेश (गोविंदाग्रज)
730 _a सं.राजसन्यास
942 _cBOOK
999 _c158898
_d158898